Größte Gemeinden Österreichs mit "A" - Statistiken

Allgemein
  • Dieses Quiz wurde 90 mal gespielt
  • Das Durchschnittsergebnis liegt bei 5 aus 10
Antwortstatistiken
Einwohner Bezirk Gemeinde % Korrekt
23.727 Amstetten, NÖ Amstetten
98%
16.654 Linz-Land, OÖ Ansfelden
65%
9.042 Vöcklabruck, OÖ Attnang-Puchheim
58%
6.753 Feldkirch, VB Altach
55%
6.018 Innsbruck-Land, TI Axams
47%
7.285 Innsbruck-Land, TI Absam
44%
9.782 Gmunden, OÖ Altmünster
44%
7.053 Villach-Land, KT Arnoldstein
44%
6.690 Linz-Land, OÖ Asten
44%
6.087 Eferding, OÖ Alkoven
37%
Keine übereinstimmenden Quizze gefunden
Verteilung der Resultate
Anzahl Personen mit jedem Resultat
Perzentil nach korrekt beantworteten Fragen
Ihre Resultats-Entwicklung
Sie haben dieses Quiz noch nicht gespielt